Acerca de la democracia posible /
Збережено в:
| Автор: | |
|---|---|
| Формат: | Текст |
| Предмети: | |
| Теги: |
Додати тег
Немає тегів, Будьте першим, хто поставить тег для цього запису!
|
MARC
| LEADER | 00000 a a2200000 04500 | ||
|---|---|---|---|
| 001 | 13965 | ||
| 003 | |||
| 040 | |||
| 100 | |a Torres Rivas, Edelberto | ||
| 245 | |a Acerca de la democracia posible / |c Edelberto Torres Rivas | ||
| 650 | |a DEMOCRACIA | ||
| 650 | |a LIBERTAD | ||
| 650 | |a DEMOCRATIZACION | ||
| 650 | |a SISTEMAS POLITICOS | ||
| 773 | |g número 10; páginas 31-41 | ||
| 999 | |c 31287 |d 31287 | ||
